000 00530nam a2200169 i 4500
001 142591
003 ES-MaACL
005 20230906200551.0
007 t|
008 071008s1969 sp ||||1| spa d
100 1 _aVillamediana, Juan de Tassis y Peralta, Conde de.
_9114996
245 1 0 _aObras /
_cVillamediana ; introducción y notas de Juan Manuel Rozas.
260 _aMadrid :
_bCastalia,
_c[1969]
300 _a400 p., 5 lám. ;
_c18 cm.
700 1 _aRozas, Juan Manuel.
_9100249
852 _aES-MaACL
_jC-37054
_bR.70558
999 _c142591
_d142591